01348nam a2200289Ia 4500003000400000005001700004008004100021020001400062040002100076041001300097082002600110100002500136245022000161250002200381260007000403300003600473500005200509500005600561505022600617546002700843650001300870650004000883650003900923700002800962700003500990700003301025OSt20200623120733.0191128s1979 mx gr 001 0 spa d a968162102 aCO-JMCRcCO-JMCR1 aspaheng04a330.153 / bS642i2231 aSmith, Adam, eautor10aInvestigación sobre la naturaleza y causas de la riqueza de las naciones /cAdam Smith ; edición de Edwin Cannan ; con una introducción de Max Lerner ; nueva traducción y estudio preliminar de Gabriel Franco aPrimera edición aMéxico : bFondo de Cultura Ecónomica, reimpresión, c1979. alxxvi, 917 páginas ; c23 cm. aIncluye índice analítico páginas 849-906. aIncluye índice bibliográfico páginas 907-912.0 aDe las causas del progreso en las facultades productivas del trabajo y del modo como un producto se distribuye naturalmente entre las diferentes clases del pueblo -- Sobre la naturaleza, acumulación y empleo del capital aTraducido del inglés14aRiqueza 24aLiberalismo xTeoría económica24aPlanificación de la producción1 aCannan, Edwin, eeditor1 aLerner, Max, eintroducción 1 aFranco, Gabriel, etraductor